ا ہل کمال زندہ ہیں : (Record no. 189293)

MARC details
000 -LEADER
fixed length control field 00693nam a22001937a 4500
005 - DATE AND TIME OF LATEST TRANSACTION
control field 20220623104230.0
010 ## - LCCN (DPL NO)
LC control number UR-11606
020 ## - INTERNATIONAL STANDARD BOOK NUMBER
International Standard Book Number 9789392496417
Terms of availability 300.00
035 ## - SYSTEM CONTROL NUMBER
System control number U-10161
037 ## - SOURCE OF ACQUISITION
Source of stock number/acquisition DBAD/PUB
Stock number -
082 ## - DEWEY DECIMAL CLASSIFICATION NUMBER
Classification number 921
100 ## - MAIN ENTRY--PERSONAL NAME
Personal name معصوم عز یز کا ظمی
245 ## - TITLE STATEMENT
Title ا ہل کمال زندہ ہیں :
Remainder of title شخصیت نامے /
Statement of responsibility, etc معصوم عز یز کا ظمی
246 ## - VARYING FORM OF TITLE
Title proper/short title Ahal-E-Kamal Zinda Hain: (Shakhsiyat Namey) /
Remainder of title by Masum Aziz kazmi
260 ## - PUBLICATION, DISTRIBUTION, ETC. (IMPRINT)
Place of publication, distribution, etc New Delhi
Name of publisher, distributor, etc Educational Publishing House
Date of publication, distribution, etc 2021 ء
270 ## - ADDRESS
Address H.o. D1/16, Ansari Road, Darya Ganj
City New Delhi
Postal code 110002
300 ## - PHYSICAL DESCRIPTION
Extent 416 ص
Dimensions 22cm(pbk)
942 ## - ADDED ENTRY ELEMENTS (KOHA)
Source of classification or shelving scheme Dewey Decimal Classification
Item type Urdu Bks
Classification part 921
Call number suffix م ع ص
Holdings
Withdrawn status Lost status Not for loan Collection code Home library Current library Date acquired Source of acquisition Cost, normal purchase price Full call number Barcode Copy number Cost, replacement price Koha item type
      Non-fiction Central Library Central Library 23/06/2022 DBAD/PUB 300.00 921 م ع ص U-10161 1 300.00 Urdu Bks

© Delhi Public Library
Hit Counter
free hit counter